| 000 | 00000nam##2200000za#4500 |
| 001 | 9.676745 |
| 003 | CaOODSP |
| 005 | 20210624230029 |
| 007 | cr ||||||||||| |
| 008 | 150407|1989||||xxc|||||o f|0| 0 eng|d |
| 020 | |a978-0-660-67490-2 |
| 040 | |aCaOODSP|beng |
| 041 | |aeng |
| 041 | |afre |
| 043 | |an-cn--- |
| 086 | 1 |aM86-24/1987-PDF |
| 110 | 1 |aCanada.|bNatural Resources Canada. |bCanadian Permanent Committee on Geographical Names. |
| 245 | 10|aGeographical names and the United Nations, 1987 |h[electronic resource] |
| 260 | |aOttawa - Ontario : |bNatural Resources Canada. |c1987. |
| 300 | |a149p.|bgraphs, tables, photographs |
| 500 | |a"Digitized by Publishing and Depository Services, Public Works and Government Services Canada - 2014" |
| 520 | 3 |aGSC Papers presented by Canada and resolutions adopted at the Fifth United Nations conference on the standardization of geographical names Montreal, 1987. |
| 590 | |a14-18-Supp|b2014-10-15 |
| 776 | 0#|tLes noms géographiques et les Nations Unies, 1987 |w(CaOODSP)9.652896 |
| 792 | |tLes noms géographiques et les Nations Unies, 1987 |efre|w(CaOODSP)9.676746 |
| 856 | 40|ahttp://publications.gc.ca|qPDF|s15.12 MB|uhttps://publications.gc.ca/collections/collection_2014/rncan-nrcan/M86-24-1987.pdf |